000 00700nam a2200229 4500
003 LK-CoMWRAF
005 20231113145248.0
008 231028b1986 |||||||| |||| 00| 0 eng d
020 _a2866560280
040 _aLK-CoMWRAF
_dLK-CoMWRAF
_eLK-CoMWRAF
041 _aeng
082 _a750.74
_bPAI
245 _aPaintings in the Musée d'Orsay
260 _aParis
_bSPADEM,
_c1986
300 _a160 p. : col. ill. ; 30 cm.
_bIndex included
650 _a Musée d'Orsay--Catalogs.
650 _aPainting, French--19th century--Catalogs.
650 _aPainting, French--20th century--Catalogs
650 _aPainting--France--Paris--Catalogs.
700 _aRoberts, Anthony
_etrans.
942 _cBK
999 _c4030
_d4030